La quiebra de las democracias

Enregistré dans:
Détails bibliographiques
Auteur principal: Linz, Juan José (autor)
Format: Livre
Langue:espagnol
Publié: Madrid Alianza 1987
Collection:Alianza Universidad
Sujets:
Tags: Ajouter un tag
Pas de tags, Soyez le premier à ajouter un tag!

MARC

LEADER 00000nam a2200000 a 4500
001 UCT8173
003 CL-VaPUC
008 970318e19870000SP |||||||||||||||||spa|d
082 0 4 |a 321.8  |b LIN  |2 21 
100 |a Linz, Juan José  |e autor  |9 451985 
245 1 3 |a La quiebra de las democracias 
300 |a 169 p 
942 |c BK 
945 |d 19970318 00:00:00  |a rbrito 
260 |a Madrid  |b Alianza  |c 1987 
650 0 |a Democracia  |9 255256 
650 0 |a Política  |9 255312 
650 7 |a SISTEMAS POLITICOS  |2 CL-VaPUC  |9 379716 
650 0 |a Violencia  |9 255411 
650 7 |a CRISIS POLITICA  |2 CL-VaPUC  |9 327740 
650 0 |a Partidos políticos  |9 254999 
583 |a last modification  |c 19970318 00:00:00  |k Rodrigo Vera 
490 0 |a Alianza Universidad 
999 |c 256698  |d 256696 
952 |0 0  |1 0  |4 0  |6 321_800000000000000_LIN_1987  |7 0  |8 A  |9 279570  |a BIBDER  |b BIBDER  |d 2019-11-19  |i 3291111  |o 321.8 LIN 1987  |p 3291111  |r 2019-11-19  |w 2019-11-19  |y BK  |k DER